Piłkarze Pogoni Szczecin - nagła śmierć - Statystyki

Ogólne statystyki
  • Ten quiz został rozwiązany 89 razy
  • Średni wynik to 8 z 20
Answers on the Grid
Answers color-coded by a green-red scale on the quiz's grid according to % correct below.
Michał Żyro
Ferland Mendy
Marcin Robak
Michał Mak
Michał Chrapek
Jakub Bartkowski
Bartosz Rymaniak
Vamara Sanogo
Janusz Jojko
Kamil Drygas
Patryk Tuszyński
Benjamin Mendy
Karol Danielak
Sebastian Walukiewicz
Maciej Sadlok
Jakub Moder
Łukasz Załuska
Paweł Olkowski
Paweł Stolarski
Joel Valencia
Marian Kielec
Matej Rodin
Patryk Malecki
Mariusz Fornalczyk
Michał Kopczyński
Kazimierz Deyna
Adrian Błąd
Mariusz Kuras
Boris Peškovič
Michał Janota
Patryk Lipski
Adrian Błąd
Filip Starzyński
Łukasz Zwoliński
Luis Mata
David Stec
Dariusz Formella
Mateusz Matras
Igor Lewczuk
Patryk Kun
 
Statystyki odpowiedzi
Odpowiedź % Poprawnych
Benjamin Mendy
72%
Marcin Robak
66%
Kamil Drygas
58%
Michał Żyro
57%
Jakub Bartkowski
53%
Mariusz Fornalczyk
51%
Łukasz Zwoliński
47%
Luis Mata
43%
Mateusz Matras
43%
Paweł Stolarski
42%
Sebastian Walukiewicz
40%
David Stec
36%
Patryk Malecki
34%
Boris Peškovič
32%
Łukasz Załuska
32%
Dariusz Formella
30%
Marian Kielec
21%
Karol Danielak
19%
Mariusz Kuras
19%
Michał Janota
17%
Nie znaleziono quizów pasujących do podanych kryteriów
Rozkład punktacji
Procent ludzi z każdym wynikiem
Percentyl według liczby udzielonych odpowiedzi
Twoja historia wyników
Nie rozwiązałeś tego quizu